EFL learners' form-related errors committed in paragraph writing : Master of education. Program: Principles and methods in English language education
Nghiên cứu chỉ ra và phân tích những lỗi hình thức người học tiếng Anh thường gặp khi viết đoạn văn.
Guardat en:
| Autor principal: | |
|---|---|
| Format: | Llibre |
| Idioma: | Undetermined |
| Publicat: |
Cần Thơ
Trường Đại học Cần Thơ
2017
|
| Matèries: | |
| Etiquetes: |
Afegir etiqueta
Sense etiquetes, Sigues el primer a etiquetar aquest registre!
|
| Thư viện lưu trữ: | Trung tâm Học liệu Trường Đại học Cần Thơ |
|---|
| LEADER | 00938nam a2200205Ia 4500 | ||
|---|---|---|---|
| 001 | CTU_225535 | ||
| 008 | 210402s9999 xx 000 0 und d | ||
| 082 | |a 428.007 | ||
| 082 | |b Th108 | ||
| 100 | |a Bùi, Phương Thảo | ||
| 245 | 0 | |a EFL learners' form-related errors committed in paragraph writing : | |
| 245 | 0 | |b Master of education. Program: Principles and methods in English language education | |
| 245 | 0 | |c Bùi Phương Thảo ; Trịnh Quốc Lập (Cán bộ hướng dẫn) | |
| 260 | |a Cần Thơ | ||
| 260 | |b Trường Đại học Cần Thơ | ||
| 260 | |c 2017 | ||
| 520 | |a Nghiên cứu chỉ ra và phân tích những lỗi hình thức người học tiếng Anh thường gặp khi viết đoạn văn. | ||
| 650 | |a Tiếng Anh,English language | ||
| 650 | |x Dạy và học,Study and teaching | ||
| 980 | |a Trung tâm Học liệu Trường Đại học Cần Thơ | ||